000 00803cam a2200241 4500
001 WB3610-46
008 000000n2000 000 0 eng u
035 _a(Sirsi) u104727
245 _aBusiness rates sting
260 _c2000
490 _aYorkshire Post
_v 9 March 2000, 18
490 _aHerald
_v 9 March 2000, 6(2)
520 _aRental values for businesses across Britain are going to increase dramatically. To ease the burden the Government has limited 2000/2001 rate increases on large properties. Includes web addresses for further information.
590 _aWB
650 _aBUSINESS RATES
650 _aLEEDS
650 _aMEADOWHALL
650 _aRATING
650 _aCOMPILED RATING LIST
650 _aValuation
_96273
690 _aRATING AND LOCAL TAXATION
942 _n0
999 _c62822
_d62822